| 000 | 00927cam a22003013a 4500 | ||
|---|---|---|---|
| 001 | 18138 | ||
| 003 | PGUSA | ||
| 005 | 20140828083403.0 | ||
| 008 | 060410s2006||||xxu|||||s|||||000 | eng d | ||
| 040 |
_aPGUSA _beng |
||
| 042 | _adc | ||
| 050 | 4 | _aML | |
| 100 | 1 |
_aKobbé, Gustav, _d1857-1918 |
|
| 245 | 1 | 4 |
_aThe Loves of Great Composers _h[electronic resource] / _cGustav Kobbé |
| 260 |
_bProject Gutenberg, _c2006 |
||
| 506 | _aPublic domain in the USA. | ||
| 516 | _aElectronic text | ||
| 653 | _aWagner, Richard, 1813-1883 | ||
| 653 | _aLiszt, Franz, 1811-1886 | ||
| 653 | _aSchumann, Robert, 1810-1856 | ||
| 653 | _aBeethoven, Ludwig van, 1770-1827 | ||
| 653 | _aChopin, Frédéric, 1810-1849 | ||
| 653 | _aMendelssohn-Bartholdy, Felix, 1809-1847 | ||
| 653 | _aMozart, Wolfgang Amadeus, 1756-1791 | ||
| 830 | 0 |
_aProject Gutenberg _v18138 |
|
| 856 | 4 | 0 | _uhttp://www.gutenberg.org/ebooks/18138 |
| 942 | _cEB | ||
| 999 |
_c247393 _d247393 |
||